Liste des rois de Perse - Statistiques

Statistiques générales
  • Ce quiz a été pris 57 fois
  • Le résultat moyen est 3 sur 6
Statistiques - réponses
Nom % Correct
Darius
94%
Xerxès
85%
Cyrus
72%
Artaxerxès
47%
Cambyse
30%
Sogdianos
6%
Aucun quiz correspondant
Distribution des résultats
% des personnes avec chaque résultat
Percentile par nombre de réponses
Votre historique - résultats
Vous n’avez pas pris ce quiz